| 000 | 00500nam a2200169 i 4500 | ||
|---|---|---|---|
| 001 | 161099 | ||
| 003 | ES-MaACL | ||
| 005 | 20230906212207.0 | ||
| 008 | 980904s1876 sp |||| | spa d | ||
| 100 | 1 |
_aOrtí y Lara, Juan Manuel. _987534 |
|
| 245 | 1 | 0 |
_aLógica / _cpor Juan Manuel Ortí y Lara. |
| 250 | _a5ª ed. aum. | ||
| 260 |
_aMadrid : _b[s.n.], _c1876 ( _fV. e H. de E. Aguado) |
||
| 300 |
_aXI, 215 p. ; _c18 cm. |
||
| 650 | 4 |
_aLógica. _914693 |
|
| 852 |
_aES-MaACL _jC-3577 _z- Enc. hol. |
||
| 999 |
_c161099 _d161099 |
||